Представление документа в формате MARC21

Поле Инд. ПП Название Значение
Тип записи a
Библиографический уровень m
001 Контрольный номер 6b185f6be829494c99372bb052a371a7
005 Дата корректировки 20170310094625.7
008 Кодируемые данные 160407|||||||||ru |||||||||||||||||rus||
020 a ISBN 978-5-86185-878-6
041 0_ a Код языка текста rus
084 a Индекс другой классификации/Индекс ББК 26.3+26.32
090 a Полочн. индекс 26.3
x Авторский знак Е 16
100 1_ a Автор Евзеров В. Я.
245 10 a Заглавие Геология четвертичных отложений Кольского региона
b Продолж. заглавия [монография]
c Ответственность Федер. агентство по рыболовству, ФГБОУ ВПО "Мурман. гос. техн. ун-т", ФГБУН Геол. ин-т КНЦ РАН
260 a Место издания Мурманск
b Издательство Изд-во МГТУ
c Дата издания 2016
300 a Объем 210 с.
b Иллюстрации/ тип воспроизводства ил.
500 a Примечание Имеется электрон. аналог 2016 г.
504 a Библиография Библиогр.: с. 188-210
650 04 a Основная рубрика Геология-Кольский регион-Монографии
651 _4 a Географическое наименование Кольский регион
653 0_ a Ключевые слова Геология; Геология Кольского региона; Горные ледники; Континентальные отложения; Монографии; Морские трансгрессии; Неоплейстоцен; Поздний неоплейстоцен; Средний неоплейстоцен; Стратиграфия Кольского региона; Труды преподавателей МГТУ
710 12 a Организация/ юрисдикция Мурманский государственный технический университет
900 a Имя макрообъекта Евзеров В. Я. Геология четвертичных отложений Кольского региона
901 t Тип документа m